Fundamentals of corporate finance ise: (Record no. 7847)
[ view plain ]
| 000 -LEADER | |
|---|---|
| fixed length control field | 00424nam a2200181 4500 |
| 003 - CONTROL NUMBER IDENTIFIER | |
| control field | . |
| 005 - DATE AND TIME OF LATEST TRANSACTION | |
| control field | 20251223104135.0 |
| 008 - FIXED-LENGTH DATA ELEMENTS--GENERAL INFORMATION | |
| fixed length control field | . |
| 020 ## - INTERNATIONAL STANDARD BOOK NUMBER | |
| International Standard Book Number | 9781266962714 |
| 040 ## - CATALOGING SOURCE | |
| Transcribing agency | . |
| 082 ## - DEWEY DECIMAL CLASSIFICATION NUMBER | |
| Classification number | 658.15 R733 2024 |
| 100 ## - MAIN ENTRY--PERSONAL NAME | |
| Personal name | Ross , Stephen A |
| 245 ## - TITLE STATEMENT | |
| Title | Fundamentals of corporate finance ise: |
| Remainder of title | / |
| Statement of responsibility, etc. | StephenA Ross |
| 250 ## - EDITION STATEMENT | |
| Edition statement | 14 ed |
| 260 ## - PUBLICATION, DISTRIBUTION, ETC. | |
| Name of publisher, distributor, etc. | New York, McGraw Hill, 2024 |
| 300 ## - PHYSICAL DESCRIPTION | |
| Extent | 919 p |
| Dimensions | 24 cm |
| 942 ## - ADDED ENTRY ELEMENTS (KOHA) | |
| Source of classification or shelving scheme | Dewey Decimal Classification |
| Koha item type | English Book |
| Suppress in OPAC | No |
| Withdrawn status | Lost status | Source of classification or shelving scheme | Damaged status | Not for loan | Home library | Current library | Date acquired | Total Checkouts | Full call number | Barcode | Date last seen | Price effective from | Koha item type |
|---|---|---|---|---|---|---|---|---|---|---|---|---|---|
| Dewey Decimal Classification | KHOBAR | KHOBAR | 07/23/2025 | 658.15 W523 2024 | 1000000034969 | 07/23/2025 | 07/23/2025 | English Book | |||||
| Dewey Decimal Classification | KHOBAR | KHOBAR | 07/28/2025 | 658.15 R733 2024 | 1000000034999 | 07/28/2025 | 07/28/2025 | English Book |
